00819nam a2200229Ia 4500001000800000003000500008005001700013008004100030010001100071020001800082040000900100082002100109245014000130260012800270300001100398503000800409504002800417650003700445650003100482700003400513700004200547dia_161CHAP20221207122309.0220117s1994 xx 000 0 und d a170591 a968-6996-47-8 cCHAP a330.972 E26 1994 aLa economía mexicana en el umbral del siglo XXI : antología /c compilación Ma. Luisa González Marín y Lucía Alvarez Mosso aMéxico :b UNAM. Instituto de Investigaciones Económicas :,b Ediciones Quinto Sol :,b Cámara de Diputados,c1994 a287 p. aC/e aIncluye bibliografías aEconomíaxMéxicoxHistoria  aEconomicsxMexicoxHistory aAlvarez Mosso, Lucía, comp. aGonzález Marín, Ma. Luisa, comp.